00425nam a2200121Ia 4500008004100000100001500041245007800056245002700134260000900161856004100170999001900211952007300230160531s9999 xx 000 0 und d aLeader, E. 4aThe angular momentum controversy: What's it all about and does it matter? cby E. Leader, C. Lorce c2013 uhttp://arxiv.org/pdf/1309.4235v1.pdf c295246d295246 001040aCLbCLd2016-05-31l0r2016-05-31 00:00:00w2016-05-31yCBE